000 00588nam a2200253Ia 4500
008 210210b1958 xxu||||| |||| 00| 0 eng d
041 _aeng
082 _a825/1043
100 _aRIEU
245 _aBeing the transactions of the royal society of literature Vol 29
260 _aLondon
_bOxford University Press
_c1958
440 _a29
650 _aVol
650 _atransactions
650 _athe
650 _asociety
650 _aroyal
650 _aof
650 _aliterature
650 _aBeing
650 _a29
690 _aEnglish Criticism
906 _a015358
999 _c134718
_d134718